logo

Bir Sreshtho Munshi Abdur Rouf Library
Jhenaidah Cadet College

নজরুল ইসলামের সাহিত্য ভাবনা / (Record no. 4172)

MARC details
000 -LEADER
fixed length control field 00687nam a2200217 a 4500
001 - CONTROL NUMBER
JCCL Control Number 4172
003 - CONTROL NUMBER IDENTIFIER
JCCL marc code BD-JhCC
005 - DATE AND TIME OF LATEST TRANSACTION
control field 20171125102234.0
008 - FIXED-LENGTH DATA ELEMENTS--GENERAL INFORMATION
fixed length control field 171123s2002 b ||||| |||| 00| 0 ben d
020 ## - INTERNATIONAL STANDARD BOOK NUMBER
International Standard Book Number 9845552900
035 ## - SYSTEM CONTROL NUMBER
system control number (BD-JhCC)
040 ## - CATALOGING SOURCE
Original cataloging agency BD-JhCC
Modifying agency BD-JhCC
041 ## - LANGUAGE CODE
Language code of Book ben
082 ## - DEWEY DECIMAL CLASSIFICATION NUMBER
Classification number 891.4409
Author mark and Year BAS 2002
100 ## - MAIN ENTRY--PERSONAL NAME
Personal name বাসার, আফজালুল
245 ## - TITLE STATEMENT
Title নজরুল ইসলামের সাহিত্য ভাবনা /
Statement of responsibility, etc আফজালুল বাসার
260 ## - PUBLICATION, DISTRIBUTION, ETC. (IMPRINT)
Place of publication, distribution, etc ঢাকা :
Name of publisher, distributor, etc নজরুল ইন্সটিটিউট,
Date of publication, distribution, etc ২০০২
300 ## - PHYSICAL DESCRIPTION
Pagination 134 p. :
Dimensions 22cm.
650 ## - SUBJECT ADDED ENTRY--TOPICAL TERM
Topical term or geographic name as entry element Bengali Literature
942 ## - ADDED ENTRY ELEMENTS (KOHA)
Source of classification or shelving scheme Dewey Decimal Classification
Koha item type Books
Holdings
Source of classification or shelving scheme Damaged status Not for loan Home library Current library Shelving location Date of accession Cost, normal purchase price Total Checkouts Full call number Barcode Date last seen Copy number Koha item type
Dewey Decimal Classification     JCC Rouf Library JCC Rouf Library General Stacks 11/23/2017 60.00   891.4409 BAS 2002 5834 11/23/2017 C-1 Books

JCC Library | Contacts | JCC Home

Last Update on 23 September 2017
Copyright @ 2017-2020 JCC Rouf Library
Rouf Library, Jhenidah Cadet College (JCC), Bangladesh